La guerra de secesión /

Guardado en:
Autor Principal: Nere, Jacques
Formato: Libro
Publicado: Buenos Aires : Eudeba, 1965
Materias:
Etiquetas: Agregar Etiqueta
Sin Etiquetas, Sea el primero en etiquetar este registro!
LEADER 00448nam a22001695a 4500
001 CEM.cems004651
005 20060217000000.0
008 130507s1965##################000#0#####d
003 CEMS
082 0 4 |a 973.7 
100 1 |a Nere, Jacques 
245 1 0 |a La guerra de secesión / 
260 |a Buenos Aires :  |b Eudeba,  |c 1965 
300 |a 129 p. 
653 |a Guerra de secesion 
653 |a Historia 
859 |a CEMS  |b BIB. CEMS - 11 de abril  |h 973.7  |i N355  |p 9089.81  |t Ej.1